000 00676cam a22002054a 4500
005 20250605164259.0
008 250528s ||||||||||||||||||||||||d
035 _a21984
020 _a9789608859043
040 _aGR-AtMCL
_bgre
_dGR-AtMCL
_eAACR2
245 1 _aΕΠΙΚΟΙΝΩΝΩ ΑΡΑ ΥΠΑΡΧΩ / Ηγεσία, Επικοινωνία & Δημόσιες Σχέσεις
250 _a9
260 _bΑυτοεκδοση,
_c2007
300 _a349
520 _aΗΓΕΣΙΑ ΔΗΜΟΣΙΕΣ ΣΧΕΣΕΙΣ ΠΡΟΠΑΓΑΝΔΑ ΜΜΕ ΤΥΠΟΣ
700 1 _aΠιπεροπουλος Γιωργος
_95650
942 _cBK
999 _c7040
_d7040